Management of Change and the Role of Technology

Problematika manažmentu a vplyvu technológií na koncepciu manažmentu. Následkom je nové organizačné správanie a myslenie - na úrovni firiem sa prezentuje ako nová organizačná a manažérska kultúra. Nová koncepcia manažmentu ovplyvnená technologickou politikou a manažmentom zmien.

Salvato in:
Dettagli Bibliografici
Autore principale: Gašparíková, Jana
Natura: Capitolo di libro
Lingua:inglese
Soggetti:
Tags: Aggiungi Tag
Nessun Tag, puoi essere il primo ad aggiungerne!!

MARC

LEADER 00000naa a2200000 4500
001 r025836
005 20230921122310.2
041 0 |a eng 
044 |a SK 
245 1 0 |a Management of Change and the Role of Technology  |c Jana Gašparíková 
520 |a Problematika manažmentu a vplyvu technológií na koncepciu manažmentu. Následkom je nové organizačné správanie a myslenie - na úrovni firiem sa prezentuje ako nová organizačná a manažérska kultúra. Nová koncepcia manažmentu ovplyvnená technologickou politikou a manažmentom zmien. 
610 2 0 |a manažment 
610 2 0 |a riadenie zmien 
610 2 0 |a technológie nové 
610 2 0 |a zmeny organizačné 
610 2 0 |a transformácia 
610 2 0 |a Slovensko 
610 2 0 |a firmy 
610 2 0 |a podnik 
610 2 0 |a správanie organizačné 
610 2 0 |a zdroje ľudské 
100 1 |a Gašparíková, Jana